A bordo de la 'Santa María' : hombres y naves del descubrimiento / por José María Martínez Hidalgo hombres y naves del descubrimiento / por José María Martínez Hidalgo
Publicado:
Barcelona :
Diputación Provincial de Barcelona : Museo Marítimo de las Reales Atarazanas, DL 1976
Descripción Física:
66 p. : il., [2] làm. pleg. ; 24 cm
MARC
| LEADER | 00000nam a2200000Ia 4500 | ||
|---|---|---|---|
| 001 | 2072 | ||
| 008 | 160829s9999 xx 000 0 cat d | ||
| 080 | |a H-2-70 | ||
| 100 | |a Martínez-Hidalgo, José María, |d 1913-2005 |9 22649 | ||
| 245 | 2 | |a A bordo de la 'Santa María' : |b hombres y naves del descubrimiento / por José María Martínez Hidalgo | |
| 260 | |a Barcelona : |b Diputación Provincial de Barcelona : |b Museo Marítimo de las Reales Atarazanas, DL 1976 | ||
| 300 | |a 66 p. : |b il., [2] làm. pleg. ; |c 24 cm | ||
| 590 | |a Existeix una altra edició amb el mateix títol | ||
| 650 | |a Santa Maria (Caravel·la) |x Història |9 25058 | ||
| 650 | |a Colom, Cristòfor |x Viatges |9 25059 | ||
| 650 | |a Amèrica |x Descobriment i exploracions |x Espanyols |9 25060 | ||
| 710 | |a Museu Marítim (Barcelona, Catalunya) |9 10020 | ||
| 710 | 1 | |a Barcelona (Catalunya : Província). |b Diputació |9 52408 | |
| 901 | |a Arxiu | ||
| 942 | |n 1 | ||
| 952 | |0 0 |1 0 |4 0 |6 H270 |7 1 |9 45935 |a Arxiu |b Arxiu |d 2016-12-01 |l 0 |o H-2-70 |p 2072 |r 2016-12-01 00:00:00 |w 2016-12-01 |y ARXIU | ||
| 999 | |c 49436 |d 49436 | ||